000
00235nam a2200121Ia 4500
100
_a
#N/A
942
_c
BK
654
_a
PAGEMAKER 5
245
_a
PAGE MAKER 5 BY EXAMPLE
260
_b
B.P.B.PUBL.
082
_b
WEB
546
_a
ENGLISH
999
_c
33085
_d
33085